Apuntes para una historia del movimiento obrero en Costa Rica; siglo XIX /
Guardado en:
| Autor principal: | |
|---|---|
| Formato: | Texto |
| Etiquetas: |
Agregar Etiqueta
Sin Etiquetas, Sea el primero en etiquetar este registro!
|
MARC
| LEADER | 00000 a a2200000 04500 | ||
|---|---|---|---|
| 001 | 15716 | ||
| 003 | |||
| 040 | |||
| 100 | |a Fallas Monge, Carlos Luis | ||
| 245 | |a Apuntes para una historia del movimiento obrero en Costa Rica; siglo XIX / |c Carlos Luis Fallas Monge | ||
| 773 | |g número 7; páginas 93-118 | ||
| 999 | |c 24709 |d 24709 | ||
